UBT Library

Applied corporate finance : (Record no. 1156)

000 -LEADER
fixed length control field 00490nam a22001817a 4500
008 - FIXED-LENGTH DATA ELEMENTS--GENERAL INFORMATION
fixed length control field 150923b xxu||||| |||| 00| 0 eng d
020 ## - INTERNATIONAL STANDARD BOOK NUMBER
International Standard Book Number 0471239704
041 0# - LANGUAGE CODE
Language code of text/sound track or separate title eng
080 ## - UNIVERSAL DECIMAL CLASSIFICATION NUMBER
Universal Decimal Classification number 336
100 1# - Rafti
Rafti Damodaran, Aswath.
245 10 - TITLE STATEMENT
Title Applied corporate finance :
Statement of responsibility, etc Aswath Damodaran.
260 ## -
-- New York :
-- J. Wiley & Sons,
-- 1999.
300 ## -
-- xvi, 566 f. :
-- me il.;
-- 24 cm.
650 #0 -
-- Financë
650 #0 -
-- Korporatë
650 #0 -
-- Aplikuar
942 ## - ADDED ENTRY ELEMENTS (KOHA)
Source of classification or shelving scheme
Item type Books
Holdings
Withdrawn status Lost status Source of classification or shelving scheme Damaged status Not for loan Collection code Permanent location Current location Shelving location Date acquired Total Checkouts Full call number Barcode Date last seen Price effective from Koha item type
          Koleksioni i përgjithshem UBT - Lipjan UBT - Lipjan Koleksioni i përgjithshem 09/23/2015   336 DAM 002-007646 09/23/2015 09/23/2015 Books
UBT Library © 2015-2024. All rights reserved University Education for Business and Technology